在空白地图上画出西藏所有县级行政区Counties in Tibet with an empty map - Statistics

General Stats
  • This quiz has been taken 87 times
  • The average score is 48 of 74
Answers on the Map
Answers color-coded by a green-red scale on the quiz's map according to % correct below.
 
Answer Stats
地级 县级 % Correct
林芝市 墨脱县
93%
拉萨市 城关区
88%
日喀则市 定日县
88%
林芝市 米林市
88%
那曲市 尼玛县
88%
山南市 贡嘎县
85%
阿里地区 日土县
85%
那曲市 双湖县
83%
阿里地区 改则县
83%
拉萨市 墨竹工卡县
80%
山南市 错那市
78%
阿里地区 札达县
78%
拉萨市 当雄县
76%
昌都市 芒康县
76%
阿里地区 普兰县
76%
阿里地区 噶尔县
76%
昌都市 八宿县
73%
林芝市 工布江达县
73%
林芝市 波密县
73%
山南市 浪卡子县
73%
日喀则市 亚东县
71%
那曲市 安多县
71%
拉萨市 堆龙德庆区
68%
拉萨市 达孜区
68%
日喀则市 江孜县
68%
日喀则市 定结县
68%
日喀则市 聂拉木县
68%
昌都市 类乌齐县
68%
昌都市 左贡县
68%
林芝市 朗县
68%
那曲市 色尼区
68%
那曲市 索县
68%
阿里地区 措勤县
68%
日喀则市 桑珠孜区
66%
拉萨市 林周县
63%
拉萨市 尼木县
63%
日喀则市 吉隆县
63%
昌都市 卡若区
63%
昌都市 丁青县
63%
山南市 隆子县
63%
日喀则市 萨迦县
61%
昌都市 江达县
61%
林芝市 巴宜区
61%
林芝市 察隅县
61%
山南市 乃东区
61%
山南市 琼结县
61%
阿里地区 革吉县
61%
日喀则市 南木林县
59%
日喀则市 仲巴县
59%
日喀则市 萨嘎县
59%
山南市 措美县
59%
那曲市 比如县
59%
拉萨市 曲水县
56%
日喀则市 拉孜县
56%
日喀则市 谢通门县
56%
日喀则市 白朗县
56%
日喀则市 岗巴县
56%
那曲市 申扎县
56%
那曲市 班戈县
56%
日喀则市 仁布县
54%
昌都市 贡觉县
54%
那曲市 聂荣县
54%
日喀则市 昂仁县
51%
昌都市 边坝县
51%
山南市 扎囊县
51%
山南市 桑日县
51%
那曲市 嘉黎县
51%
那曲市 巴青县
51%
山南市 曲松县
49%
山南市 洛扎县
49%
山南市 加查县
49%
日喀则市 康马县
46%
昌都市 察雅县
46%
昌都市 洛隆县
44%
No matching quizzes found
Score Distribution
Percent of People with Each Score
Percentile by Number Answered
Your Score History
You have not taken this quiz